01173nam a22001937a 45000010005000000030006000050050017000110080041000280200018000690400029000870820009001161000019001252450044001442500036001882600043002243000047002675200620003146500045009348504FISKH20250916121732.0250916b cb ||||| |||| 00| 0 eng d a9781782090960 aFISKHbengcFISKHdFISKH a 590 aParker, Steve  aMy top 20 weird animals /cSteve Parker aThis edition published in 2013  aUnited Kingdom :bMiles Kelly, c2010  a40 pages : bcolor illustrations ; c28 cm aWhat could a male Jackson's chameleon need three horns for besides fighting? Actually, this odd-looking animal has horns to scare predators and attract females more than defense. Some animals' bodies can lead readers to question the purpose of their weird features. This book has the answers they're looking for. From how the echidna uses its spines to keep predators away to how the hornbill uses its large beak, the main content features some of nature's most interesting bodies. Colorful, up-close photographs and concise fact boxes introduce readers to many kinds of animal habitats, behaviors, and life cycles. aAnimalsvEducationxNatureyANIMAL FOCUS